000 00259nam a22001217a 4500
008 210707s2015 xx 000 0 und d
041 _aeng
082 _a052 MANG
100 _aLobo, Patricia
245 _aMangalore
260 _c2015
650 _aMangalore
999 _c179841
_d179841